Państwa członkowskie UE. - Statystyki

Ogólne statystyki
  • Ten quiz został rozwiązany 3 575 razy
  • Średni wynik to 25 z 28
Statystyki odpowiedzi
Odpowiedź % Poprawnych
Polska
99%
Hiszpania
96%
Niemcy
96%
Czechy
95%
Francja
95%
Portugalia
95%
Słowacja
94%
Szwecja
94%
Litwa
93%
Łotwa
93%
Belgia
92%
Włochy
92%
Estonia
91%
Finlandia
90%
Holandia
90%
Słowenia
90%
Chorwacja
88%
Austria
87%
Dania
87%
Grecja
87%
Wielka Brytania
87%
Luksemburg
84%
Rumunia
83%
Bułgaria
82%
Irlandia
82%
Węgry
82%
Malta
67%
Cypr
66%
Nie znaleziono quizów pasujących do podanych kryteriów
Rozkład punktacji
Procent ludzi z każdym wynikiem
Percentyl według liczby udzielonych odpowiedzi
Twoja historia wyników
Nie rozwiązałeś tego quizu